Statistiche per Fiumi più lunghi d'Italia

Clicka qui per fare il quiz!

Statistiche generali

  • Questo quiz è stato fatto 1.201 volte
  • Il punteggio medio è 10 su 20

Statistiche sulle risposte

LunghezzaFiume% Corretto
652 mPo
100%
405 mTevere
95%
241 mArno
87%
410 mAdige
81%
313 mAdda
64%
248 mTicino
59%
220 mPiave
56%
160 mDora Baltea
52%
280 mOglio
47%
170 mTagliamento
47%
203 mSarca-Mincio
45%
276 mTanaro
44%
210 mReno
42%
174 mBrenta
36%
175 mVolturno
26%
172 mSecchia
24%
158 mLiri-Garigliano
20%
170 mOfanto
18%
161 mOmbrone
18%
160 mChiese
7%

Distribuzione punteggi

Percentile per numero di risposta

Percentuale di utenti per punteggio

I tuoi punteggi nel tempo

Non hai fatto questo quiz